Països Per Foto Quiz - Statistics

General Stats
  • This quiz has been taken 11 times
  • The average score is 14 of 16
Answer Stats
Picture Answer % Correct
Austràlia
100%
Espanya
100%
França
100%
Brasil
91%
Corea del Nord
91%
Itàlia
91%
Japó
91%
Noruega
91%
Regne Unit
91%
Rússia
91%
Xina
91%
Alemanya
82%
Cuba
82%
Emirats Àrabs Units
82%
Estats Units
82%
Grècia
82%
No matching quizzes found
Score Distribution
Percent of People with Each Score
Percentile by Number Answered
Your Score History
You have not taken this quiz